Jimmy Carter and the energy crisis of the 1970s : the "Crisis of confidence" speech of July 15, 1979 : a brief history with documents /

Bibliographic Details
Other Authors: Horowitz, Daniel, 1938-
Format: Book
Language:English
Published: Boston : Bedford/St. Martin's, [2005]
Series:Bedford series in history and culture.
Subjects:

MARC

Tag First Indicator Second Indicator Subfields
LEADER 00000cam a2200000Ia 4500
001 in00002061237
005 20151101184858.0
008 041022s2005 mauac b 001 0 eng d
020 |a 0312401221 
035 |a (OCoLC)ocm56798079 
040 |a WCM  |c WCM  |d OCLCQ  |d UtOrBLW 
043 |a n-us--- 
049 |a TXAM 
090 |a J82.E43  |b J56 2005 
245 0 0 |a Jimmy Carter and the energy crisis of the 1970s :  |b the "Crisis of confidence" speech of July 15, 1979 : a brief history with documents /  |c [edited by] Daniel Horowitz. 
246 3 0 |a "Crisis of confidence" speech of July 15, 1979 
264 1 |a Boston :  |b Bedford/St. Martin's,  |c [2005] 
264 4 |c ©2005 
300 |a xix, 203 pages :  |b illustrations, portrait ;  |c 21 cm. 
336 |a text  |b txt  |2 rdacontent 
337 |a unmediated  |b n  |2 rdamedia 
338 |a volume  |b nc  |2 rdacarrier 
490 1 |a Bedford series in history and culture 
504 |a Includes bibliographical references (pages 189-192) and index. 
600 1 0 |a Carter, Jimmy,  |d 1924- 
650 0 |a Energy policy  |z United States  |x History  |y 20th century. 
650 0 |a Energy policy  |z United States  |x Public opinion  |x History  |y 20th century  |v Sources. 
651 0 |a United States  |x Economic conditions  |y 1971-1981. 
651 0 |a United States  |x Economic conditions  |y 1971-1981  |x Public opinion  |v Sources. 
700 1 |a Horowitz, Daniel,  |d 1938- 
830 0 |a Bedford series in history and culture. 
945 |i PromptCat 
947 |a A14832651274 
994 |a 92  |b TXA 
948 |a cataloged  |b h  |c 2005/6/29  |d c  |e rbarron  |f 3:47:54 pm 
999 |a MARS 
999 f f |s 4c7ff253-3fc4-3d5f-acf5-aa5eb274691f  |i 08a0de85-0711-3e6d-bbc8-0bca346e211e  |t 0 
952 f f |p normal  |a Texas A&M University  |b College Station  |c Sterling C. Evans Library  |d Evans: Library Stacks  |t 0  |e J82.E43 J56 2005  |h Library of Congress classification  |i unmediated -- volume  |m A14832651274 
998 f f |a J82.E43 J56 2005  |t 0  |l Evans: Library Stacks